Thuật lãnh đạo nhóm : dẫn dắt nhóm đến thành công. Thuật lãnh đạo nhóm

Thuật lãnh đạo nhóm

Đã lưu trong:
Chi tiết về thư mục
Tác giả chính: Nxb Trẻ
Định dạng: Sách
Ngôn ngữ:Vietnamese
Được phát hành: Nxb Trẻ 2003
Những chủ đề:
Các nhãn: Thêm thẻ
Không có thẻ, Là người đầu tiên thẻ bản ghi này!
Thư viện lưu trữ: Mạng thư viện Đại học Đà Nẵng
LEADER 01209cam a22003371a 4500
001 000035718
003 12009
005 20160319000000.0
008 160318s2003 vm 000 vie
041 |a vie 
082 |a 658.4  |b Th-L  |2 Thuật lãnh đạo nhóm 
100 |a Nxb Trẻ 
245 |a Thuật lãnh đạo nhóm : dẫn dắt nhóm đến thành công.  |c Nxb Trẻ  |n Thuật lãnh đạo nhóm 
260 |a Nxb Trẻ  |c 2003 
300 |a 99tr;mh;25cm 
520 |a Thuật lãnh đạo nhóm 
650 |a Thuật lãnh đạo nhóm : dẫn dắt nhóm đến thành công. 
852 |b Chuyên đề  |c Sách tham khảo 
OWN |a LNN 
AVA |a UDN50  |b LNN  |d 658.4 Th-L  |e available  |t Error 5001 Not defined in file expand_doc_bib_avail.  |f 1  |g 0  |h N  |i 0  |k 1 
999 |a From the UDN01 
AVA |a UDN50  |b LNN  |d 658.4 Th-L  |e available  |t Error 5001 Not defined in file expand_doc_bib_avail.  |f 1  |g 0  |h N  |i 0  |k 1 
TYP |a Monograph 
TYP |a Printed language 
980 |a Mạng thư viện Đại học Đà Nẵng